|
|
|
|
| LEADER |
00000cam a2200000 a 4500 |
| 001 |
1/120111 |
| 008 |
191011s1958####gr | ||| |||| ||gre|| |
| 040 |
|
|
|a GR-MyUa
|b gre
|c GR-MyUa
|e AACR2
|
| 041 |
0 |
|
|a gre
|
| 082 |
7 |
|
|a 225.92
|2 (23)
|
| 100 |
1 |
|
|a Νικολαϊδης, Σταύρος Α.
|
| 245 |
1 |
2 |
|a Ο Παύλος αυτοβιογραφούμενος /
|c Σταύρου Α. Νικολαϊδη.
|
| 260 |
|
|
|a Αθήναι :
|b [χ.ό.],
|c [1957].
|
| 300 |
|
|
|a 336 σ.
|b φωτ., εικ. ;
|c 21 εκ.
|
| 600 |
1 |
0 |
|f (1ος αι.)
|a Παύλος,
|c Απόστολος.
|
| 650 |
|
0 |
|a Apostles.
|
| 650 |
|
0 |
|a Apostolic Fathers.
|
| 650 |
|
0 |
|a Autobiography.
|
| 650 |
|
0 |
|a Biography.
|
| 852 |
|
|
|a INST
|b RHODES
|c AKA
|e 20191011
|h 225.92 ΝΙΚ
|p 005400041099
|q 005400041099
|t BK
|y 0
|
| 920 |
|
|
|a Ακαδημία Ρόδου
|y Ρόδος
|z 2019-09
|
| 970 |
|
|
|z 11-10-2019
|